| 000 | 02642cab a2200349Ia 45 0 | ||
|---|---|---|---|
| 001 | u200564 | ||
| 003 | SIRSI | ||
| 008 | 120604s2004 ua ss b eng d | ||
| 040 | _aEAL | ||
| 041 |
_aeng _bara |
||
| 090 | _aART ZJAR V31 No4A 8 | ||
| 100 | 1 | _aEl-Mansi, A. A. | |
| 240 | 1 | 0 |
_aZagazig journal of agricultural research, 2004 v. 31 (4A) _h[electronic resource]. |
| 245 | 1 | 0 |
_aEffect of water quantity and farmyard manure on garlic under sandy soil conditions _h[electronic resource]: _b 3.storability. |
| 246 | 1 | 5 |
_aتأثير كمية مياه الرى والسماد البلدى على الثوم تحت ظروف الأرض الرملية: _b3- القدرة التخزينية. |
| 300 | _aP. 1361-1383. | ||
| 504 | _aIncludes references. | ||
| 520 | _aThis experiment was carried out during two winter seasons of 2000-2001 and 2001-2002 at EL-Khattara Experimental Farm, Fac. Agric., Zagazig Univ., to study the effect of water quantity, farmyard manure (FYM) and their interactions on storability of garlic bulbs during storage period. Water quantity at 2600 m3/fed, followed by 2100 m3/fed recorded maximum values of the emaciation and sprouting percentage in bulbs during storage period, while application of 600 m /fed followed by 1100 m /fed recorded minimum values of the emaciation and sprouting percentage. Weight loss (%) of garlic bulbs increased with increasing water quantity up to 2600 m3/fed and decreased with decreasing water quantity up to 600 m3/feddan. FYM at 30 m3/fed recorded maximum values of the emaciation and sprouting percentage in bulbs during storage period. Weight loss (%) of garlic bulbs increased with increasing FYM up to 45 m3/fed and decreased with decreasing FYM up to 15 m3/fed or without FYM. The interaction between 2600 m3 water/fed and 30 or 45 m3 FYM/fed gave the highest values of weight loss (%), while 600 m3 water and 15 m3 FYM /fed or without FYM gave the lowest values of weight loss (%) in bulbs during storage period. The interaction between water quantity and FYM had no significant effect on emaciation and sprouting percentages in bulbs during storage. | ||
| 546 | _aSummary in Arabic. | ||
| 650 | 0 | _aSandy soils. | |
| 650 | 0 |
_aGarlic _xStorage. |
|
| 650 | 0 |
_aGarlic _xQuality. |
|
| 650 | 0 |
_aGarlic _xIrrigation. |
|
| 650 | 0 | _aFarm manure. | |
| 650 | 0 |
_aGarlic _xYields. |
|
| 700 | 1 | _aBardisi, A. | |
| 700 | 1 | _aFayed, A. N. | |
| 700 | 1 | _aAbou El-Khair, E. E. | |
| 773 | 0 |
_tZagazig Journal of Agricultural Research. _g2004.v.31(4A) _x1110-0338 _7nnas _wu158356 |
|
| 856 | 4 | 0 |
_uhttp://nile.enal.sci.eg/EALE/2004/ZJAR/3104/4A/1361.pdf _zFull Text Article. |
| 596 | _a1 | ||
| 942 |
_cAR _2lcc |
||
| 999 |
_c53036 _d53036 |
||